000 00542nam a2200157Ia 4500
008 210716s2009 xx 000 0 und d
020 _a9788184047417
041 _aeng
082 _a005.758 MEHC
100 _aMehrwald, Christian; Morlock, Sabine.
245 _aData warehousing with SAP BW7 bl in SAP netweaver 2004s: architecture, concepts, and implementation.
_bArchitecture, concepts, and implementation.
250 _a1
260 _aMumbai
_bShroff Publishers and Distributors Pvt Ltd
_c2009
300 _axix,806
650 _aNone
999 _c191125
_d191125